00369nam a2200109Ia 4500008004100000100002000041245006800061500006800129650003800197942000700235999001700242181011s9999 xx 000 0 und d aHenri Desmettre 2aA Local Chrisitian Community Opens its doors to migrant Moslems aThe Bulletin of Christian Institute of Islamic Studies Jan 1969 aInterfaith Relations and Dialogue cBR c21834d21834